| 000 | 02317nam a2200349Ia 4500 | ||
|---|---|---|---|
| 001 | G9284 | ||
| 003 | IT-RoPAU | ||
| 008 | 130308s9999 xx 000 0 und d | ||
| 040 | _aIT-RoPAU | ||
| 040 | _cIT-RoPAU | ||
| 041 | _aFRANCESE | ||
| 100 | _aDery Mark | ||
| 100 | _gCodice Aut. SPICS: 49974 | ||
| 240 | _aESCAPE VELOCITY-CYBERCULTURE AT THE END OF THE CENTURY | ||
| 240 | _gCodice Tit. Orig. Spics: T3114 | ||
| 242 | _aVELOCITA' DI fuga - CYBERCULTURA a FINE MILLENNIO | ||
| 242 | _nCod. Traduzione Titolo: E9357 | ||
| 242 | _yITA | ||
| 245 | _aVitesse Virtuelle. La cyberculture aujourd'hui | ||
| 245 | _bVitesse Virtuelle. La cyberculture Aujourd'Hui | ||
| 250 | _a1a ed. | ||
| 260 | _aPARIS | ||
| 260 | _bAbbeville | ||
| 260 | _c1997 [1° Ed.:1997 - Ed.Ling.Originale:1996] | ||
| 300 | _a"368 p. (prefazione: no ; testo: 368 [pagine: 0-0])" | ||
| 500 | _a"Velocità Virtuale: Cybercultura Oggi. Velocità di Liberazione: breve Storia del Computer e di Internet; Loro Effetti Sulla Vita Quotidiana. Cyberdelia: Controcultura, Tecnocultura; Ideologia del Periodico Mondo 2000. Cyberia di Douglas Rushkoff. Deus Ex Machina: Technopaganesimo, Magia e rituali Sul Computer, Musica Techno, Rock Industriale, Gioco Interattivo Myst, Confusione tra Reale e virtuale e ritorno del Sacro nel Computer. Metal Machinemusic: Cyberpunk, Musica Elettronica. Elliott Sharp: Musicista del Cervello. Nine Inch Nail: Sesso, Morte, Dio e la Tecnologia. Miti delle Origini. Agitpop: ribellione degli Anni 60 e Decadenza del Rock. Arte Dello Spettacolo meccanico e dei Robot: Mark Pauline: un Teatro della Crudeltà Heavy Metal; fabbrica del Dissenso; Chico Macmurtrie: Verso una robotica Verde; Brettgoldstone: Alchimia della Cassa dei Rifiuti; regno magico e Manicomio Pirotecnico. riti Meccanici: Body Art Cibernetica, Robocopulazione: Sesso, tecnologia e Futuro: Macchine Sessuali, Riproduzione Meccanica, Cybersesso. Politica cyborg del Corpo: Obsolescenza Corporea ed Esseri Postumani, Storie Innaturali; Terminator 2; Tatuaggi Biomeccanici; rischi del Postumanesimo; Teologia del Seggiolino Eiettabile: intervista con L'Ideologo del Postumanesimo: Hans Moravec." | ||
| 650 | _aSAGGI SULLA MULTIMEDIALITA' | ||
| 650 | _eCodice materia Spics: 4257 | ||
| 942 | _cBK | ||
| 957 | _71 | ||
| 999 |
_c90284 _d90284 |
||
| 999 | _g1 | ||